| 000 | 00309nam a22001217a 4500 | ||
|---|---|---|---|
| 020 | _a 9780141355481 | ||
| 040 | _cNUST | ||
| 082 |
_a823-CH _bKIN |
||
| 100 |
_aJeff Kinney _982080 |
||
| 245 | _aDiary of a wimpy kid hard luck | ||
| 260 |
_aUK: _bPuffin Books Penguin Random House UK, _c2013. |
||
| 942 |
_2ddc _cBK |
||
| 999 |
_c586373 _d586373 |
||